Principal players (Record no. 76251)

MARC details
000 -LEADER
fixed length control field 00851cab a2200181 4500
001 - CONTROL NUMBER
control field ##L131698
008 - FIXED-LENGTH DATA ELEMENTS--GENERAL INFORMATION
fixed length control field 051130n2005 000 0 eng u
035 ## - SYSTEM CONTROL NUMBER
System control number (Sirsi) u131698
041 0# - LANGUAGE CODE
Language code of text/sound track or separate title eng
100 1# - MAIN ENTRY--PERSONAL NAME
Personal name Spooner, Stephen G.
245 00 - TITLE STATEMENT
Title Principal players
260 3# - PUBLICATION, DISTRIBUTION, ETC.
Date of publication, distribution, etc. 2005
490 #0 - SERIES STATEMENT
Series statement Estates Gazette
Volume/sequential designation (547) 26 November 2005, 140-141(2)
520 ## - SUMMARY, ETC.
Summary, etc. Considers in this "Mainly for students" article the role of Corporate Real Estate (CRE) professionals and focuses on their effective provision and management of office space within a company. Discusses what is required of CRE professionals, their involvement in business planning and procurement and why they matter. Provides a further reading list.
590 ## - LOCAL NOTE (RLIN)
Local note IKA061205
690 ## - LOCAL SUBJECT ADDED ENTRY--TOPICAL TERM (OCLC, RLIN)
Topical term or geographic name as entry element PROPERTY-COMMERCIAL PROPERTY-CORPORATE REAL ESTATE-CORPORATE REAL ESTATE MANAGEMENT
942 ## - ADDED ENTRY ELEMENTS (KOHA)
Suppress in OPAC 0
Holdings
Withdrawn status Lost status Source of classification or shelving scheme Damaged status Not for loan Home library Current library Shelving location Date acquired Total Checkouts Full call number Barcode Date last seen Copy number Price effective from Koha item type
    Dewey Decimal Classification     London London Journal article 30/11/2005   L131698 131698-1001 06/08/2019 1 06/08/2019 Journal article